| 000 | 005070000a22001570004500 | ||
|---|---|---|---|
| 090 |
_aAR _b02137 |
||
| 245 | 1 | 0 | _aWildland biodiversity management in the tropics: where are we now and where are we going? |
| 650 | 1 | 4 |
_aConservación de biodiversidad _9345 |
| 650 | 1 | 4 |
_aProblemas ambientales _914279 |
| 650 | 1 | 4 |
_aManejo sostenible _992592 |
| 650 | 1 | 4 |
_aTrópicos _943 |
| 041 | 0 | _aInglés | |
| 100 | 1 |
_aJanzen, Daniel H. _93808 |
|
| 942 | _cARTICULO | ||
| 773 | 1 |
_tVida Silvestre Neotropical _3438 _q3-15 _d1994 _g3 |
|
| 999 |
_c11212 _d11212 |
||